An introduction to JapanHerschel Webb
Guardat en:
| Autor principal: | |
|---|---|
| Format: | Llibre |
| Idioma: | anglès |
| Publicat: |
Nueva York
Columbia University Press
1960
|
| Matèries: | |
| Etiquetes: |
Afegir etiqueta
Sense etiquetes, Sigues el primer a etiquetar aquest registre!
|
MARC
| LEADER | 00000nam a2200000 a 4500 | ||
|---|---|---|---|
| 001 | UCY2607 | ||
| 003 | CL-VaPUC | ||
| 008 | 941104e19600000US |||||||||||||||||eng|d | ||
| 082 | 0 | 4 | |a 952 |b WEB |2 21 |
| 100 | 0 | |a Webb, Herschel |e author |9 330674 | |
| 245 | 1 | 3 | |a An introduction to JapanHerschel Webb |
| 300 | |a 145 p | ||
| 942 | |c BK | ||
| 945 | |d 19941104 00:00:00 |a mfernand | ||
| 260 | |a Nueva York |b Columbia University Press |c 1960 | ||
| 650 | 0 | |a Vida social y costumbres |9 258725 | |
| 650 | 0 | |a Historia |9 255047 | |
| 651 | 0 | |a Japón |9 260391 | |
| 583 | |a last modification |c 19941104 00:00:00 |k Rodrigo Vera | ||
| 999 | |c 230971 |d 230969 | ||
| 952 | |0 0 |1 0 |4 0 |6 952_000000000000000_WEB_1960 |7 0 |8 A |9 233694 |a BIBGIM |b BIBGIM |d 2019-11-15 |i 3028232 |o 952 WEB 1960 |p 3028232 |r 2025-01-15 |w 2019-11-15 |y BK |k ORI | ||